Nonlinear Microwave Circuit Design (Record no. 318212)
[ view plain ]
| 000 -LEADER | |
|---|---|
| fixed length control field | 00429nam a2200157Ia 4500 |
| 008 - FIXED-LENGTH DATA ELEMENTS--GENERAL INFORMATION | |
| fixed length control field | 230718s9999 xx 000 0 und d |
| 041 ## - LANGUAGE CODE | |
| Language code of text/sound track or separate title | eng |
| 082 ## - DEWEY DECIMAL CLASSIFICATION NUMBER | |
| Classification number | 621.38133 |
| Item number | GIA |
| 100 ## - MAIN ENTRY--PERSONAL NAME | |
| Personal name | Giannini F. |
| 9 (RLIN) | 155335 |
| 245 ## - TITLE STATEMENT | |
| Title | Nonlinear Microwave Circuit Design |
| 260 ## - PUBLICATION, DISTRIBUTION, ETC. (IMPRINT) | |
| Name of publisher, distributor, etc. | John Wiley |
| 300 ## - PHYSICAL DESCRIPTION | |
| Accompanying material [OBSOLETE, CAN/MARC] | Ref 1013 E ME (29419) |
| 365 ## - TRADE PRICE | |
| Currency code | Rs. |
| Price amount | 6656.00 |
| 700 ## - ADDED ENTRY--PERSONAL NAME | |
| Personal name | Giannini F. & Leuzzi |
| 9 (RLIN) | 189822 |
| 906 ## - LOCAL DATA ELEMENT F, LDF (RLIN) | |
| d | B:110903-Jan-2008 |
| c | ME ETC |
| Withdrawn status | Lost status | Source of classification or shelving scheme | Reference No | Damaged status | Not for loan | Home library | Current library | Date acquired | Vendor | Budget Code | Cost, normal purchase price | Bill number | Full call number | Barcode | Date last seen | Cost, replacement price | Bill Date | Koha item type | Original Barcode |
|---|---|---|---|---|---|---|---|---|---|---|---|---|---|---|---|---|---|---|---|
| Dewey Decimal Classification | Ref 1013 E M. Tech. (29419) | Reference | Cummins College of Engineering for Women Pune | Cummins College of Engineering for Women Pune | 22/01/2008 | Goels Computer Hut | ME ETC | 6656.00 | 1109 | 621.38133 | CCEP-BK-29419 | 18/07/2023 | 6656.00 | 03/01/2008 | Books | 029419 |